000 01525nam0a2200361 i 4500
001 RU\NLR\bibl\2060480
005 20241114182716.0
010 _a5902975267
_92000
021 _aRU
_b2013-53101
_93681
035 _a(nilc)RuMoRGB-006604453
035 _a(NLR Aleph) 002047230
090 _a4624395
_c4624395
100 _a20130708d2012 u y0rusy50 ca
101 0 _arus
102 _aRU
105 _aa zzzz|||||
200 1 _aАвиационные стратегические ударные комплексы
_f[ред. совет: ... Чурьянов Юрий Дмитриевич, ред.-сост.]
210 _aМосква
_cВоенный Парад
_d2012
215 _a199, [8] с.
_cил., цв. ил., портр.
_d30
300 _a100-летию Военно-воздушных сил России посвящается
320 _aБиблиогр. в конце кн.
606 1 _aСтратегическая авиация
_yРоссийская Федерация
_92610617
_3RU\NLR\AUTH\661547175
606 _aСтратегические вооружения
_yРоссийская Федерация
_92171071
_3RU\NLR\AUTH\661306002
686 1 _aЦ65,6(2Р) 0-4,1
686 1 _aЦ9(2Р)
702 1 _aЧурьянов
_bЮ. Д.
_gЮрий Дмитриевич
_4220
801 0 _aRU
_bRuMoRKP
_c20130708
_gRCR
801 2 _aRU
_bРГБ
_c20130717
_grcr
801 1 _aRU
_bRuMoRKP
_c20130708
_2rusmarc
801 2 _aRU
_bNLR
_c20130807
_grcr
942 _cBOOK
980 _aNBR